| 000 | 00936cam a22002774a 4500 | ||
|---|---|---|---|
| 001 | 36867-36868 | ||
| 003 | OSt | ||
| 005 | 20140908164928.0 | ||
| 008 | 000524s2001 maua bf 001 0 eng | ||
| 020 | _a0395904560 | ||
| 040 |
_aDLC _cDLC _dDLC |
||
| 042 | _apcc | ||
| 050 | 0 | 0 |
_aLB2369 _b.A745 2001 |
| 082 | 0 | 0 |
_a001.4 _221 |
| 100 | 1 |
_aArkin, Marian, _d1943- |
|
| 245 | 1 | 0 |
_aResearch papers : _ba practical guide / _cMarian Arkin, Cecilia Macheski. |
| 260 |
_aBoston : _bHoughton Mifflin Co., _cc2001. |
||
| 300 |
_axv, 318 p. : _bill. ; _c28 cm. |
||
| 504 | _aIncludes bibliographical references (p. 294-309) and index. | ||
| 650 | 0 |
_aReport writing _vHandbooks, manuals, etc. |
|
| 650 | 0 |
_aResearch _vHandbooks, manuals, etc. |
|
| 700 | 1 |
_aMacheski, Cecilia, _d1951- |
|
| 906 |
_a7 _bcbc _corignew _d2 _eepcn _f20 _gy-gencatlg |
||
| 942 |
_2ddc _cBK |
||
| 999 |
_c84 _d84 |
||